书目信息 |
| 题名: |
新型配电变压器结构、原理和应用
|
|
| 作者: | 姚志松 , 姚磊 编 | |
| 分册: | ||
| 出版信息: | 北京 机械工业出版社 2007.02 |
|
| 页数: | 509页 | |
| 开本: | 24cm | |
| 丛书名: | ||
| 单 册: | ||
| 中图分类: | TM421 | |
| 科图分类: | ||
| 主题词: | 配电变压器--pei dian bian ya qi--基本知识 | |
| 电子资源: | ||
| ISBN: | 7-111-20434-4 | |
| 000 | 00860nam0 2200241 450 | |
| 001 | 012007958484 | |
| 005 | 20070928164520.32 | |
| 010 | @a7-111-20434-4@dCNY49.00 | |
| 100 | @a20070814d2007 km y0chiy0120 ea | |
| 101 | 0 | @achi |
| 102 | @aCN@b110000 | |
| 105 | @aa a 000yy | |
| 200 | 1 | @a新型配电变压器结构、原理和应用@Axin xing pei dian bian ya qi jie gou、yuan li he ying yong@f姚志松, 姚磊等编@Fyao zhi song,yao lei deng bian |
| 210 | @a北京@c机械工业出版社@d2007.02 | |
| 215 | @a509页@c图@d24cm | |
| 320 | @a有书目 (第508-509页)。 | |
| 330 | @a本书对各种新型配电变压器, 包括S11型及S9型叠铁心变压器、S11型卷铁心变压器、S11及S12型R型卷铁心变压器等。 | |
| 606 | 0 | @a配电变压器@Apei dian bian ya qi@x基本知识 |
| 690 | @aTM421@v4 | |
| 701 | 0 | @a姚志松@Ayao zhi song@4编 |
| 701 | 0 | @a姚磊@Ayao lei@4编 |
| 801 | 0 | @aCN@c20070928 |
| 905 | @dTM421@eY378 | |
| 新型配电变压器结构、原理和应用/姚志松, 姚磊等编.-北京:机械工业出版社,2007.02 |
| 509页:图;24cm |
| ISBN 7-111-20434-4:CNY49.00 |
| 本书对各种新型配电变压器, 包括S11型及S9型叠铁心变压器、S11型卷铁心变压器、S11及S12型R型卷铁心变压器等。 |
| ● |
| 相关链接 |
|
|
|
正题名:新型配电变压器结构、原理和应用
索取号:TM421/Y378
 
预约/预借
| 序号 | 登录号 | 条形码 | 馆藏地/架位号 | 状态 | 备注 |
| 1 | 247710 | 202477104 | 自科库301/301自科库 12排3列2层/ [索取号:TM421/Y378] | 在馆 | |
| 2 | 247711 | 202477113 | 自科库301/301自科库 12排3列2层/ [索取号:TM421/Y378] | 在馆 | |
| 3 | 247712 | 202477122 | 自科二线404/404自科库 16排1列6层/ [索取号:TM421/Y378] | 在馆 |